[Event "Santiago de Compostela Bicapawn GP Rap"]
[Site "Santiago de Compostela"]
[Date "2022.10.22"]
[Round "3"]
[White "Garcia Castro, Pablo"]
[Black "Grigoryan, Karen H"]
[Result "0-1"]
[WhiteElo "2331"]
[BlackElo "2617"]
[PlyCount "60"]
[EventDate "2022.10.22"]
[EventType "swiss (rapid)"]
[EventRounds "9"]
[EventCountry "ESP"]
[SourceTitle "CBM 210 Extra"]
[Source "ChessBase"]
[SourceDate "2022.11.30"]
[SourceVersion "1"]
[SourceVersionDate "2022.11.30"]
[SourceQuality "1"]

1. g3 d5 2. Nf3 Bg4 3. Bg2 Nd7 4. d4 e6 5. 0-0 c6 6. c4 Ngf6 7. b3 a5 8. cxd5 exd5 9. Nc3 Bd6 10. Bf4 Bxf4 11. gxf4 0-0 12. Qd3 Bxf3 13. Bxf3 Ne8 14. e4 dxe4 15. Bxe4 Ndf6 16. Bg2 Nc7 17. Rfe1 Ne6 18. Ne2 Nd5 19. Qg3 Nb4 20. d5 Nxd5 21. Rad1 Re8 22. Bxd5 cxd5 23. f5 Nc5 24. Qg2 d4 25. Nf4 Qd6 26. Nh5 Qh6 27. Rxe8+ Rxe8 28. f6 g6 29. Ng7 Re5 30. Kf1 Qf4 0-1

[Event "Santiago de Compostela Bicapawn GP B2"]
[Site "Santiago de Compostela"]
[Date "2022.10.20"]
[Round "5"]
[White "Garcia Castro, Pablo"]
[Black "Arroyo Rodriguez, Jesus"]
[Result "0-1"]
[WhiteElo "2331"]
[BlackElo "2086"]
[PlyCount "63"]
[EventDate "2022.10.20"]
[EventType "swiss (blitz)"]
[EventRounds "9"]
[EventCountry "ESP"]
[SourceTitle "CBM 210 Extra"]
[Source "ChessBase"]
[SourceDate "2022.11.30"]
[SourceVersion "1"]
[SourceVersionDate "2022.11.30"]
[SourceQuality "1"]

1. g3 c5 2. Bg2 Nc6 3. e4 g6 4. Nc3 Bg7 5. d3 e6 6. Be3 b6 7. Nf3 Nge7 8. d4 cxd4 9. Nxd4 0-0 10. Ndb5 d5 11. exd5 exd5 12. Nxd5 Nxd5 13. Qxd5 Bb7 14. Qxd8 Rfxd8 15. c3 a6 16. Nc7 Rac8 17. Bxb6 Rd7 18. 0-0 Rcxc7 19. Bxc7 Rxc7 20. Rfe1 Bf6 21. Re8+ Kg7 22. h4 h5 23. Rd1 Ne5 24. Rd6 Nf3+ 25. Kf1 Ne5 26. Bxb7 Rxb7 27. b4 Rc7 28. Rxa6 Rxc3 29. b5 Rc2 30. Rc6 Nxc6 31. bxc6 Rxc6 32. Re2 0-1

[Event "ESP-ch rapid"]
[Site "Linares"]
[Date "2019.08.24"]
[Round "8"]
[White "Garcia Castro, Pablo"]
[Black "Portela Peleteiro, Alberto"]
[Result "0-1"]
[WhiteElo "2327"]
[BlackElo "2375"]
[PlyCount "76"]
[EventDate "2019.08.24"]
[EventType "swiss (rapid)"]
[EventRounds "9"]
[EventCountry "ESP"]
[SourceTitle "EXT 2020"]
[Source "ChessBase"]
[SourceDate "2019.10.17"]
[SourceVersion "1"]
[SourceVersionDate "2019.10.17"]
[SourceQuality "1"]

1. e3 d5 2. c4 e6 3. Nf3 Nf6 4. b3 Be7 5. Bb2 0-0 6. Nc3 b6 7. g3 Bb7 8. Bg2 c5 9. 0-0 Nc6 10. cxd5 exd5 11. d4 Rc8 12. Rc1 Qc7 13. dxc5 bxc5 14. Na4 Ba6 15. Re1 Nb4 16. Bxf6 Bxf6 17. Rxc5 Qd6 18. Rxc8 Rxc8 19. e4 Nd3 20. e5 Bxe5 21. Nxe5 Nxe1 22. Qxe1 Re8 23. f4 f6 24. Qa5 fxe5 25. Qxd5+ Qxd5 26. Bxd5+ Kf8 27. Nc5 Bc8 28. Nd3 Rd8 29. Bc4 e4 30. Nc5 e3 31. Bd3 Bh3 32. b4 a5 33. a3 axb4 34. axb4 Rd4 35. g4 Rxb4 36. Ne6+ Ke7 37. Nxg7 Bxg4 38. Kg2 e2 0-1

[Event "ESP-chT CECLUB Div1"]
[Site "Linares"]
[Date "2016.08.26"]
[Round "7"]
[White "Cordova, Emilio"]
[Black "Garcia Castro, Pablo"]
[Result "1-0"]
[WhiteElo "2627"]
[BlackElo "2356"]
[PlyCount "55"]
[EventDate "2016.08.20"]
[EventType "team-tourn"]
[EventRounds "7"]
[EventCountry "ESP"]
[SourceTitle "CBM 174 Extra"]
[Source "ChessBase"]
[SourceDate "2016.10.10"]
[SourceVersion "1"]
[SourceVersionDate "2016.10.10"]
[SourceQuality "1"]
[WhiteTeam "Oromana Schneider Electric"]
[BlackTeam "Vigo Universidad"]
[WhiteTeamCountry "ESP"]
[BlackTeamCountry "ESP"]

1. Nf3 g6 2. c4 Bg7 3. Nc3 d6 4. d4 Bg4 5. e3 c5 6. Be2 Nc6 7. 0-0 Nf6 8. h3 Bd7 9. b3 0-0 10. Bb2 cxd4 11. exd4 Rc8 12. d5 Na5 13. Qd2 b6 14. Nd4 e5 15. dxe6 fxe6 16. Rad1 a6 17. Rfe1 b5 18. cxb5 axb5 19. Bxb5 Bxb5 20. Ncxb5 Qb6 21. Rxe6 Nb7 22. b4 Rce8 23. Rde1 Rxe6 24. Rxe6 Nd5 25. a4 Nf4 26. Re7 Be5 27. a5 Qd8 28. Qd1 1-0

[Event "ESP-chT CECLUB Div1"]
[Site "Linares"]
[Date "2016.08.20"]
[Round "1"]
[White "Garcia Castro, Pablo"]
[Black "Granda Zuniga, Julio E"]
[Result "0-1"]
[WhiteElo "2356"]
[BlackElo "2672"]
[PlyCount "70"]
[EventDate "2016.08.20"]
[EventType "team-tourn"]
[EventRounds "7"]
[EventCountry "ESP"]
[SourceTitle "CBM 174 Extra"]
[Source "ChessBase"]
[SourceDate "2016.10.10"]
[SourceVersion "1"]
[SourceVersionDate "2016.10.10"]
[SourceQuality "1"]
[WhiteTeam "Vigo Universidad"]
[BlackTeam "Collado Villalba"]
[WhiteTeamCountry "ESP"]
[BlackTeamCountry "ESP"]

1. g3 d5 2. Nf3 c6 3. Bg2 Bg4 4. 0-0 Nd7 5. d4 e6 6. Nbd2 f5 7. c4 Bd6 8. b3 Qf6 9. Bb2 Ne7 10. Ne1 f4 11. Ndf3 g5 12. Nd3 Ng6 13. Qd2 Qf5 14. cxd5 exd5 15. Nc5 0-0-0 16. Nxd7 Bxf3 17. Bxf3 Rxd7 18. Qd3 Qxd3 19. exd3 h5 20. Rae1 g4 21. Bd1 f3 22. Re6 Nf8 23. Re8+ Rd8 24. Rxd8+ Kxd8 25. Bc3 b5 26. a4 b4 27. Bd2 Ne6 28. Be3 Be7 29. h3 Bf6 30. Kh2 Bxd4 31. Rh1 Bxe3 32. fxe3 Re8 33. hxg4 hxg4 34. Kg1 Nc5 35. Rh4 Rxe3 0-1

[Event "ESP-chT CECLUB Div1"]
[Site "Linares"]
[Date "2014.09.08"]
[Round "7.2"]
[White "Garcia Castro, Pablo"]
[Black "Rusev, Krasimir"]
[Result "0-1"]
[WhiteElo "2386"]
[BlackElo "2538"]
[PlyCount "65"]
[EventDate "2014.09.04"]
[EventType "team-tourn"]
[EventRounds "9"]
[EventCountry "ESP"]
[SourceTitle "CBM 162 Extra"]
[Source "ChessBase"]
[SourceDate "2014.10.17"]
[SourceVersion "1"]
[SourceVersionDate "2014.10.17"]
[SourceQuality "1"]
[WhiteTeam "Vigo Universidad"]
[BlackTeam "Silla Lopez Instalaciones"]
[WhiteTeamCountry "ESP"]
[BlackTeamCountry "ESP"]

1. Nf3 d5 2. g3 c6 3. Bg2 Bg4 4. 0-0 Nd7 5. d4 e6 6. Nbd2 Bd6 7. e4 Ne7 8. c3 0-0 9. h3 Bh5 10. e5 Bc7 11. Nb3 h6 12. Bd2 Bb6 13. a4 a6 14. a5 Ba7 15. Nc1 c5 16. Ne2 Nc6 17. Qa4 Rc8 18. Be3 Bg6 19. Ne1 cxd4 20. cxd4 Qe7 21. Ra3 b6 22. axb6 Nxb6 23. Qxa6 Nc4 24. Rb3 N6a5 25. Rc3 Rb8 26. Rxc4 Nxc4 27. Nf4 Bh7 28. Qa1 Rb3 29. Qd1 Rxe3 30. fxe3 Nxe3 31. Qd2 Nxf1 32. Kxf1 Ra8 33. Qd1 0-1

[Event "ESP-chT CECLUB Div1"]
[Site "Linares"]
[Date "2014.09.07"]
[Round "6.1"]
[White "Anton Guijarro, David"]
[Black "Garcia Castro, Pablo"]
[Result "1/2-1/2"]
[WhiteElo "2609"]
[BlackElo "2386"]
[PlyCount "68"]
[EventDate "2014.09.04"]
[EventType "team-tourn"]
[EventRounds "9"]
[EventCountry "ESP"]
[SourceTitle "CBM 162 Extra"]
[Source "ChessBase"]
[SourceDate "2014.10.17"]
[SourceVersion "1"]
[SourceVersionDate "2014.10.17"]
[SourceQuality "1"]
[WhiteTeam "Atocha VTI"]
[BlackTeam "Vigo Universidad"]
[WhiteTeamCountry "ESP"]
[BlackTeamCountry "ESP"]

1. d4 Nf6 2. Nf3 d6 3. c4 g6 4. Nc3 Bf5 5. Ng5 Bd7 6. e4 e5 7. d5 c5 8. Be2 h6 9. Nf3 Bg7 10. 0-0 0-0 11. Ne1 Na6 12. a3 Nc7 13. b4 b6 14. Be3 Nfe8 15. Qd2 Kh7 16. Nd3 Qe7 17. Rae1 g5 18. Rb1 Na6 19. Bd1 Nf6 20. f3 Rac8 21. bxc5 dxc5 22. h4 Ne8 23. hxg5 Nd6 24. Nb2 hxg5 25. Bxg5 f6 26. Be3 Rh8 27. f4 f5 28. Bc2 Kg8 29. Rf3 exf4 30. Rxf4 Qe5 31. Nb5 Bxb5 32. cxb5 c4 33. Nd1 Nc5 34. Nf2 Ncxe4 1/2-1/2

[Event "ESP-chT CECLUB Div1"]
[Site "Linares"]
[Date "2014.09.05"]
[Round "3.2"]
[White "Montoliu Cervero, Francisco"]
[Black "Garcia Castro, Pablo"]
[Result "0-1"]
[WhiteElo "2286"]
[BlackElo "2386"]
[PlyCount "95"]
[EventDate "2014.09.04"]
[EventType "team-tourn"]
[EventRounds "9"]
[EventCountry "ESP"]
[SourceTitle "CBM 162 Extra"]
[Source "ChessBase"]
[SourceDate "2014.10.17"]
[SourceVersion "1"]
[SourceVersionDate "2014.10.17"]
[SourceQuality "1"]
[WhiteTeam "Manises Eva"]
[BlackTeam "Vigo Universidad"]
[WhiteTeamCountry "ESP"]
[BlackTeamCountry "ESP"]

1. e4 g6 2. d4 Bg7 3. Nc3 c6 4. Nf3 d5 5. h3 Nh6 6. Be2 0-0 7. 0-0 f6 8. Re1 Nf7 9. Bf1 b6 10. a4 Na6 11. a5 Nc7 12. axb6 axb6 13. Rxa8 Nxa8 14. b3 Nc7 15. Ba3 Re8 16. exd5 cxd5 17. Na4 b5 18. Nc3 Bd7 19. Bc5 Bc6 20. Qa1 e5 21. Bb6 Qd7 22. Bxc7 Qxc7 23. Nxb5 Bxb5 24. Bxb5 Rb8 25. Qa4 e4 26. Nh2 Qxc2 27. Bc6 Qd2 28. Qa1 Rd8 29. Rd1 Qc2 30. Ba4 f5 31. Nf1 f4 32. Rc1 Bxd4 33. Rxc2 Bxa1 34. Bc6 Ne5 35. Bb7 Nd3 36. g3 g5 37. h4 h6 38. hxg5 hxg5 39. gxf4 gxf4 40. Ra2 Bd4 41. Ra8 Bxf2+ 42. Kg2 Rxa8 43. Bxd5+ Kg7 44. Bxa8 e3 45. Kf3 Bg1 46. Ke2 Nc1+ 47. Ke1 Nxb3 48. Bc6 0-1

[Event "Mondariz Marcote Memorial"]
[Site "Mondariz"]
[Date "2014.08.19"]
[Round "4"]
[White "Manolache, Marius"]
[Black "Garcia Castro, Pablo"]
[Result "1-0"]
[WhiteElo "2490"]
[BlackElo "2382"]
[PlyCount "49"]
[EventDate "2014.08.16"]
[EventType "swiss"]
[EventRounds "9"]
[EventCountry "ESP"]
[SourceTitle "EXT 2015"]
[Source "ChessBase"]
[SourceDate "2014.11.20"]
[SourceVersion "1"]
[SourceVersionDate "2014.11.20"]
[SourceQuality "1"]

1. d4 d6 2. Nf3 g6 3. e4 Bg7 4. c3 Nc6 5. h3 Nf6 6. d5 Nb8 7. Be3 c6 8. dxc6 Nxc6 9. Bd3 0-0 10. 0-0 b6 11. Nbd2 Bb7 12. Qe2 d5 13. Bf4 Qc8 14. Rfe1 Re8 15. Rad1 Na5 16. e5 Nh5 17. Bh2 Bh6 18. Nd4 Bf4 19. g3 Bxd2 20. Qxd2 Nc4 21. Qh6 Ng7 22. Re2 f6 23. g4 a6 24. Rde1 fxe5 25. Bxc4 1-0

[Event "Ourense op"]
[Site "Ourense"]
[Date "2014.07.08"]
[Round "3"]
[White "Garcia Castro, Pablo"]
[Black "Larino Nieto, David"]
[Result "1-0"]
[WhiteElo "2357"]
[BlackElo "2459"]
[PlyCount "87"]
[EventDate "2014.07.07"]
[EventType "swiss"]
[EventRounds "9"]
[EventCountry "ESP"]
[SourceTitle "EXT 2016"]
[Source "ChessBase"]
[SourceDate "2015.10.08"]
[SourceVersion "1"]
[SourceVersionDate "2015.10.08"]
[SourceQuality "1"]

1. Nf3 g6 2. g3 Bg7 3. Bg2 e5 4. e4 Nc6 5. d3 Nge7 6. Nc3 d5 7. 0-0 d4 8. Nd5 Nxd5 9. exd5 Ne7 10. c3 dxc3 11. bxc3 Nxd5 12. Ba3 Nxc3 13. Qb3 Qxd3 14. Rfe1 Be6 15. Qxb7 Rd8 16. Re3 Qb5 17. Nxe5 Qxb7 18. Bxb7 Rd2 19. Bb4 Ne2+ 20. Kf1 Rb2 21. Bc6+ Kd8 22. Rd1+ Kc8 23. a3 Bf6 24. Bb5 Bh3+ 25. Ke1 Ng1 26. Ba6+ Kb8 27. Nd7+ Bxd7 28. Rxd7 g5 29. g4 h5 30. gxh5 g4 31. Rxf7 Bd4 32. Ree7 Bb6 33. h6 Nf3+ 34. Kd1 Rxf2 35. h7 Rxh2 36. Rg7 Rd8+ 37. Rd7 Rxd7+ 38. Rxd7 c5 39. Rb7+ Kc8 40. h8Q+ Rxh8 41. Rh7+ Kd8 42. Rxh8+ Ke7 43. Bc3 Ng5 44. Bb7 1-0

[Event "Sanxenxo Carlos op 6th"]
[Site "Sanxenxo"]
[Date "2014.06.29"]
[Round "9"]
[White "Garcia Castro, Pablo"]
[Black "Hoffman, Alejandro"]
[Result "1/2-1/2"]
[WhiteElo "2357"]
[BlackElo "2450"]
[PlyCount "55"]
[EventDate "2014.06.21"]
[EventType "swiss"]
[EventRounds "9"]
[EventCountry "ESP"]
[SourceTitle "CBM 161 Extra"]
[Source "ChessBase"]
[SourceDate "2014.08.29"]
[SourceVersion "1"]
[SourceVersionDate "2014.08.29"]
[SourceQuality "1"]

1. g3 d5 2. Bg2 c5 3. Nf3 Nc6 4. d4 Nf6 5. 0-0 e6 6. c4 Be7 7. cxd5 exd5 8. Nc3 0-0 9. b3 Ne4 10. Bb2 Bf6 11. Na4 b6 12. Rc1 Ba6 13. dxc5 b5 14. Bxf6 Qxf6 15. Nb2 Qxb2 16. Qxd5 Nc3 17. Rxc3 Qxc3 18. Qxc6 Qa5 19. Ng5 Rad8 20. Qe4 g6 21. Qh4 h5 22. Ne4 Bc8 23. Nf6+ Kg7 24. b4 Qxa2 25. Nxh5+ gxh5 26. Qg5+ Kh7 27. Qxh5+ Kg7 28. Qg5+ 1/2-1/2

[Event "Sanxenxo Carlos op 6th"]
[Site "Sanxenxo"]
[Date "2014.06.28"]
[Round "8"]
[White "Gomez Ledo, Roberto Carlos"]
[Black "Garcia Castro, Pablo"]
[Result "1/2-1/2"]
[WhiteElo "2429"]
[BlackElo "2357"]
[PlyCount "61"]
[EventDate "2014.06.21"]
[EventType "swiss"]
[EventRounds "9"]
[EventCountry "ESP"]
[SourceTitle "CBM 161 Extra"]
[Source "ChessBase"]
[SourceDate "2014.08.29"]
[SourceVersion "1"]
[SourceVersionDate "2014.08.29"]
[SourceQuality "1"]

1. d4 Nf6 2. Nf3 e6 3. c4 c5 4. e3 d6 5. Nc3 Be7 6. Be2 0-0 7. 0-0 b6 8. d5 exd5 9. Nxd5 Nc6 10. Nxe7+ Qxe7 11. b3 Bb7 12. Bb2 Rad8 13. Qc2 d5 14. cxd5 Rxd5 15. a3 Qe4 16. Qc1 Ne5 17. Rd1 Nd3 18. Bxd3 Rxd3 19. Rxd3 Qxd3 20. Bxf6 gxf6 21. Qb2 Kg7 22. Ne1 Qd5 23. f3 Rd8 24. Qe2 Qd2 25. Qxd2 Rxd2 26. Rc1 Bd5 27. Rb1 a5 28. e4 Be6 29. Kf1 f5 30. exf5 Bxf5 31. Rc1 1/2-1/2

[Event "ESP-chT CECLUB Div1 GpB"]
[Site "Linares"]
[Date "2013.08.22"]
[Round "4.2"]
[White "Barbero Sendic, Alejandro"]
[Black "Garcia Castro, Pablo"]
[Result "1-0"]
[WhiteElo "2363"]
[BlackElo "2370"]
[PlyCount "65"]
[EventDate "2013.08.19"]
[EventType "team-tourn"]
[EventRounds "5"]
[EventCountry "ESP"]
[SourceTitle "CBM 156 Extra"]
[Source "ChessBase"]
[SourceDate "2013.10.22"]
[SourceVersion "1"]
[SourceVersionDate "2013.10.22"]
[SourceQuality "1"]
[WhiteTeam "Lleida"]
[BlackTeam "Vigo Universidad"]
[WhiteTeamCountry "ESP"]
[BlackTeamCountry "ESP"]

1. e4 e5 2. Nf3 d6 3. d4 exd4 4. Nxd4 Nf6 5. Nc3 Be7 6. Bf4 0-0 7. Qd2 a6 8. 0-0-0 b5 9. f3 c5 10. Nf5 Bxf5 11. exf5 Nc6 12. g4 Nd4 13. Bg2 b4 14. Ne2 Nd5 15. Nxd4 cxd4 16. Kb1 Nc3+ 17. Ka1 Nxd1 18. Rxd1 Bf6 19. Bg3 Rc8 20. f4 Bh4 21. g5 Bxg3 22. hxg3 Qa5 23. Be4 Rfe8 24. Bd3 Re3 25. f6 g6 26. Kb1 Qd5 27. Bxa6 Rce8 28. Qxb4 Qf3 29. Rc1 Qxg3 30. Bb5 Rf8 31. Qxd4 Rf3 32. Qxd6 Rxf4 33. Rd1 1-0

[Event "ESP-chT CECLUB Div1 GpB"]
[Site "Linares"]
[Date "2013.08.20"]
[Round "2.1"]
[White "Vazquez Igarza, Renier"]
[Black "Garcia Castro, Pablo"]
[Result "1-0"]
[WhiteElo "2580"]
[BlackElo "2370"]
[PlyCount "89"]
[EventDate "2013.08.19"]
[EventType "team-tourn"]
[EventRounds "5"]
[EventCountry "ESP"]
[SourceTitle "CBM 156 Extra"]
[Source "ChessBase"]
[SourceDate "2013.10.22"]
[SourceVersion "1"]
[SourceVersionDate "2013.10.22"]
[SourceQuality "1"]
[WhiteTeam "Collado Villalba"]
[BlackTeam "Vigo Universidad"]
[WhiteTeamCountry "ESP"]
[BlackTeamCountry "ESP"]

1. Nf3 d6 2. d4 Nf6 3. c4 Nbd7 4. Nc3 e5 5. e4 Be7 6. Be2 0-0 7. 0-0 Re8 8. Qc2 Bf8 9. Rd1 exd4 10. Nxd4 Nc5 11. f3 a5 12. Be3 Bd7 13. Ndb5 Qb8 14. Qd2 Re6 15. Nd4 Re8 16. Bg5 Be7 17. Ndb5 Bc6 18. Be3 h6 19. Bf1 Nh7 20. Qf2 b6 21. Nd5 Bxd5 22. cxd5 Bg5 23. Bd4 Bf6 24. Bxf6 Nxf6 25. Nd4 Kh8 26. Bb5 Rf8 27. Nf5 Qd8 28. Qg3 Nh5 29. Qf2 Kh7 30. Qd4 g6 31. Ne3 Qf6 32. Qxf6 Nxf6 33. b3 Ng8 34. Rac1 Ne7 35. a3 Nxb3 36. Rxc7 Nc8 37. Nc4 Nc5 38. Rb1 Kg7 39. Bd7 Ra7 40. Rxc8 Nxd7 41. Rc6 Rb8 42. Nxd6 Ne5 43. Rcxb6 Rxb6 44. Rxb6 Rc7 45. Ne8+ 1-0

[Event "Gaia Profigaia op 6th"]
[Site "Vila Nova de Gaia"]
[Date "2013.07.12"]
[Round "9.2"]
[White "Silva, Miguel Antonio Neto"]
[Black "Garcia Castro, Pablo"]
[Result "0-1"]
[WhiteElo "2119"]
[BlackElo "2354"]
[PlyCount "98"]
[EventDate "2013.07.06"]
[EventType "swiss"]
[EventRounds "9"]
[EventCountry "POR"]
[SourceTitle "EXT 2015"]
[Source "ChessBase"]
[SourceDate "2014.11.20"]
[SourceVersion "1"]
[SourceVersionDate "2014.11.20"]
[SourceQuality "1"]

1. Nf3 d6 2. d4 Nd7 3. e4 g6 4. c4 Bg7 5. Be2 e5 6. 0-0 Ngf6 7. Nc3 0-0 8. Re1 Re8 9. Bf1 a6 10. d5 a5 11. h3 Nc5 12. Qc2 Bd7 13. Be3 Nh5 14. Rad1 Bf8 15. Be2 Ng7 16. b3 f5 17. exf5 gxf5 18. Bg5 Be7 19. Qc1 f4 20. Bxe7 Rxe7 21. Ng5 Nf5 22. Bg4 Rg7 23. Ne6 Bxe6 24. dxe6 Qg5 25. Qc2 Nd4 26. Rxd4 exd4 27. Ne4 Qg6 28. Qb1 Nxe6 29. Nxd6 cxd6 30. Bxe6+ Kf8 31. Qxg6 hxg6 32. Re4 g5 33. Rxd4 Re8 34. Bg4 Ke7 35. Bf3 b6 36. Bc6 Rc8 37. Bb7 Rh8 38. Bf3 Rh6 39. Bd5 Kd8 40. f3 Re7 41. Be4 Re5 42. Kf2 b5 43. Ke2 bxc4 44. bxc4 Kc7 45. Kd3 Rh8 46. Kc3 Rb8 47. Rd2 a4 48. Bc2 Re3+ 49. Kd4 Rb2 0-1

[Event "Gaia Profigaia op 6th"]
[Site "Vila Nova de Gaia"]
[Date "2013.07.08"]
[Round "5.2"]
[White "Frois, Antonio"]
[Black "Garcia Castro, Pablo"]
[Result "1/2-1/2"]
[WhiteElo "2334"]
[BlackElo "2354"]
[PlyCount "54"]
[EventDate "2013.07.06"]
[EventType "swiss"]
[EventRounds "9"]
[EventCountry "POR"]
[SourceTitle "EXT 2015"]
[Source "ChessBase"]
[SourceDate "2014.11.20"]
[SourceVersion "1"]
[SourceVersionDate "2014.11.20"]
[SourceQuality "1"]

1. Nf3 Nf6 2. c4 g6 3. g3 Bg7 4. Bg2 0-0 5. 0-0 c6 6. Nc3 d5 7. cxd5 Nxd5 8. Qb3 Nb6 9. d3 Na6 10. Be3 Be6 11. Qc2 Nb4 12. Qd2 N4d5 13. Bh6 Nxc3 14. bxc3 f6 15. Bxg7 Kxg7 16. c4 Qd7 17. Rab1 Rab8 18. Qc3 Bf7 19. a4 Nc8 20. a5 Qc7 21. Bh3 c5 22. Nd2 Nd6 23. Ne4 Nxe4 24. dxe4 Be8 25. Qd3 e5 26. Qd5 Rf7 27. Be6 Re7 1/2-1/2

[Event "Sanxenxo Carlos op 5th"]
[Site "Sanxenxo"]
[Date "2013.06.29"]
[Round "8"]
[White "Strikovic, Aleksa"]
[Black "Garcia Castro, Pablo"]
[Result "1-0"]
[WhiteElo "2504"]
[BlackElo "2354"]
[PlyCount "79"]
[EventDate "2013.06.22"]
[EventType "swiss"]
[EventRounds "9"]
[EventCountry "ESP"]
[SourceTitle "CBM 155 Extra"]
[Source "ChessBase"]
[SourceDate "2013.08.26"]
[SourceVersion "1"]
[SourceVersionDate "2013.08.26"]
[SourceQuality "1"]

1. e4 e5 2. Nf3 d6 3. d4 exd4 4. Nxd4 Nf6 5. Nc3 Be7 6. g3 0-0 7. Bg2 Nc6 8. 0-0 Bd7 9. h3 Re8 10. Nde2 a5 11. g4 a4 12. Ng3 h6 13. f4 a3 14. b3 Nb4 15. Be3 c5 16. Qd2 Bf8 17. Nd1 Qa5 18. c3 Nc6 19. Nf2 Rad8 20. Rad1 Bc8 21. Rfe1 Be6 22. Qe2 Qc7 23. Bc1 Ra8 24. Bf3 b5 25. h4 b4 26. g5 hxg5 27. hxg5 Nh7 28. c4 Nd4 29. Qd3 g6 30. Bg2 Qc8 31. f5 Bd7 32. fxg6 fxg6 33. e5 Nf5 34. exd6 Ra7 35. Rxe8 Bxe8 36. Nxf5 Qxf5 37. Bh3 Qxd3 38. Rxd3 Bd7 39. Bxd7 Rxd7 40. Ne4 1-0

[Event "Sanxenxo Carlos op 5th"]
[Site "Sanxenxo"]
[Date "2013.06.27"]
[Round "6"]
[White "Garcia Castro, Pablo"]
[Black "Guerra Bastida, Diego"]
[Result "1/2-1/2"]
[WhiteElo "2354"]
[BlackElo "2374"]
[PlyCount "61"]
[EventDate "2013.06.22"]
[EventType "swiss"]
[EventRounds "9"]
[EventCountry "ESP"]
[SourceTitle "CBM 155 Extra"]
[Source "ChessBase"]
[SourceDate "2013.08.26"]
[SourceVersion "1"]
[SourceVersionDate "2013.08.26"]
[SourceQuality "1"]

1. e4 g6 2. Nc3 Bg7 3. g3 d6 4. Bg2 c5 5. d3 Nc6 6. Be3 Nd4 7. Qd2 e5 8. Nd5 Be6 9. c3 Nc6 10. Ne2 Bxd5 11. exd5 Nce7 12. d4 cxd4 13. cxd4 exd4 14. Bxd4 Nf6 15. 0-0 0-0 16. a4 Re8 17. a5 Nf5 18. Bc3 Ne4 19. Bxe4 Rxe4 20. a6 b6 21. Rfe1 h5 22. Qd3 Bxc3 23. Qxe4 Bxe1 24. Rxe1 Qe8 25. Nc3 Qxe4 26. Rxe4 Rc8 27. Kg2 Kf8 28. Nb5 Ne7 29. Nxa7 Ra8 30. Nb5 Rxa6 31. Nxd6 1/2-1/2

[Event "Sanxenxo Carlos op 5th"]
[Site "Sanxenxo"]
[Date "2013.06.25"]
[Round "4"]
[White "Garcia Castro, Pablo"]
[Black "Aagaard, Jacob"]
[Result "1/2-1/2"]
[WhiteElo "2354"]
[BlackElo "2519"]
[PlyCount "63"]
[EventDate "2013.06.22"]
[EventType "swiss"]
[EventRounds "9"]
[EventCountry "ESP"]
[SourceTitle "CBM 155 Extra"]
[Source "ChessBase"]
[SourceDate "2013.08.26"]
[SourceVersion "1"]
[SourceVersionDate "2013.08.26"]
[SourceQuality "1"]

1. g3 d5 2. Nf3 Bg4 3. Bg2 Nd7 4. c4 e6 5. cxd5 exd5 6. Qb3 Nc5 7. Qc2 Bxf3 8. Bxf3 c6 9. 0-0 Be7 10. d3 Nf6 11. Nd2 0-0 12. Bg2 Re8 13. Nf3 Bf8 14. e3 a5 15. Bd2 Qb6 16. Bc3 Nfd7 17. Bh3 Qa6 18. Rfd1 Rad8 19. b3 Ne6 20. Bb2 a4 21. Bc3 a3 22. Rab1 Nc7 23. Bf1 Nb5 24. Ba1 Qa5 25. Nd4 Nxd4 26. Bxd4 Bb4 27. Rbc1 Ne5 28. Bg2 h5 29. h3 Qb5 30. Ba1 g6 31. Bf1 Qa5 32. Bg2 1/2-1/2

[Event "Sanxenxo Carlos op 5th"]
[Site "Sanxenxo"]
[Date "2013.06.22"]
[Round "1"]
[White "Prol Lusquinos, Jose Manuel"]
[Black "Garcia Castro, Pablo"]
[Result "0-1"]
[WhiteElo "1745"]
[BlackElo "2354"]
[PlyCount "44"]
[EventDate "2013.06.22"]
[EventType "swiss"]
[EventRounds "9"]
[EventCountry "ESP"]
[SourceTitle "CBM 155 Extra"]
[Source "ChessBase"]
[SourceDate "2013.08.26"]
[SourceVersion "1"]
[SourceVersionDate "2013.08.26"]
[SourceQuality "1"]

1. e4 e5 2. Nf3 d6 3. Nc3 Nf6 4. Bc4 Be7 5. 0-0 Bg4 6. d3 Nc6 7. h3 Bh5 8. Be3 Na5 9. Bb3 a6 10. Kh2 Nxb3 11. axb3 d5 12. exd5 Nxd5 13. Nxd5 Qxd5 14. g4 Bg6 15. Qe2 h5 16. g5 Bd6 17. Bf4 0-0-0 18. Bg3 h4 19. Nxh4 Qe6 20. Kg2 Rxh4 21. Bxh4 Rh8 22. Ra4 e4 0-1